=LDR 00000nam 2200000 4500 =001 000383 =005 20250710043227 =035 ##$$a 0010-0725000244 =007 ta =008 250710################a##########0#ind## =020 ##$$a 978-623-472-680-0 =082 ##$$a 398.209 598 =084 ##$$a 398.209 598 WEL p =100 #$$a Wells, Jonathon =245 1#$$a Petualangan di Jalan Pertokoan Nakamise /$c Jonathon Wells =260 ##$$a Jakarta Timur :$b Badan Pengembangan dan Pembinaan Bahasa,$c 2022 =300 ##$$a 36 hlm. : $b ilus. ; $c 22,9 cm =650 #4$$a Cerita Anak Indonesia-Terjemahan =650 #4$$a Literasi-Bahan Bacaan =856 ##$$a TBM As Suhada =990 ##$$a TBM202400105